00570 2200193 4500001002100000005001500021035002000036245011900056100001800175250001000193300002600203006001800229008003900247260004600286082000700332084001300339600001000352990001400362INLIS00000000001004320260603021109 a0010-06260000051 aEFEKTIVITAS KINERJA SEKRETARIAT DPRD DALAM PELAKSANAAN ADMINISTRASI DEWAN PADA KABUPATEN LAMANDAU /cASTIN RUSMIRA0 aASTIN RUSMIRA aCet 1 aviii, 91 hlm :bilus.a 260603 | | |  aPalangka Raya :bPerpustakaan UMPR,c2025 a81 a81 AST e 4aTESIS a238122136